Quick Pick: New World Crops Quiz Stats

 Plays Quiz Updated Jul 15, 2017

Support Sporcle.
Go Orange.
Score 0/10 Timer 01:00
0 Plays Today
% Correct
maize
81.6%
tobacco
78.7%
avocado
73.7%
chili pepper
69.9%
cocoa
68.8%
peanut
66.2%
squash
61.9%
potato
60.7%
tomato
58.8%
pecan
56.2%

Today's Daily Dose

Word Ladder
New Dimensions!

Quick Pick
'Animal' Fish

Get the Picture
Bird or Food?

You're not logged in!

Compare scores with friends on all Sporcle quizzes.
OR
Log In
Forgot?

From the Vault

Greek Letters: Right or Wrong?

by strokes_static

It is pretty important to know what the letters are if you want to be able to spell correctly.
Remove Ads.
Support Sporcle.
Get the best of Sporcle when you Go Orange. This ad-free experience offers more features, more stats, and more fun while also helping to support Sporcle. Thank you for becoming a member.

Show Comments

Extras

Top Quizzes Today


Score Distribution

Your Account Isn't Verified!

In order to create a playlist on Sporcle, you need to verify the email address you used during registration. Go to your Sporcle Settings to finish the process.

Report this User

Report this user for behavior that violates our Community Guidelines.

Details: